| 000 | 00455 a2200145 4500 | ||
|---|---|---|---|
| 999 |
_c252 _d252 |
||
| 020 | _a0073129100 | ||
| 050 | _aBF176COH 2005 | ||
| 100 |
_aCohen, Jay. Ronald _eauthor |
||
| 245 |
_aExercises in psychological testing and assessment / _cRonald Jay Cohen |
||
| 264 |
_aBoston : _bMcGraw-Hill, _c2005 |
||
| 300 |
_axiii, 302p. : _bill. |
||
| 500 | _aIncludes bibliographical references | ||
| 650 | _aPsychological testing | ||
| 942 |
_2lcc _cBK _e6th ed. _h176 _iCOH _kBF |
||